| 000 | 00522nam a22000977a 4500 | ||
|---|---|---|---|
| 999 |
_c2910 _d2910 |
||
| 008 | 190410| ||| | ||||||0| ||spa d | ||
| 245 | _aHueso Cúbito | ||
| 300 | _eHueso Cúbito | ||
| 653 |
_aUlna _aHueso del miembro superior. _aHueso del antebrazo. _aHueso largo. _aSituado en la parte medial del antebrazo. _aCuerpo o diáfisis. _aExtremidad superior o epífisis. _aExtremidad inferior o epífisis. _aArticula hacia arriba con la tróclea humeral y hacia abajo con el carpo. _aEspacio interóseo del antebrazo. |
||
| 942 |
_cHUESOS _2ddc |
||